000 01374nam0a22002411 4500
001 rc\908882
005 20041129094653.3
035 _a(NLR Aleph) 006083761
090 _a5108638
_c5108638
100 _a20041129d1984 u |0rusy50 ca
101 0 _arus
102 _aRU
105 _ay |||||||||
200 1 _aФункционально-стилистическая направленность развития речи учащихся 4-8 классов в свете требований усовершенствованных программ
_eМетод. рекомендации для слушателей курсов повышения квалификации учителей рус. яз. и лит. шк. с белорус. яз. преподавания
_fМ-во просвещения БССР, Респ. ин-т усоверш. учителей
_g[Подгот. к филол. н. Г.И. Николаенко и Г.И. Поспеловой]
210 _aМинск
_cБ. и.
_d1984
215 _a[1], 32 с.
_d21
702 1 _aНиколаенко
_bГ. И.
_gГалина Ивановна
_4570
712 0 2 _aБелорусский респ. ин-т усовершенствования учителей
_cМинск
_3RU\NLR\AUTH\889959294
801 0 _aRU
_bNLR
_gpsbo
801 1 _aRU
_bELAR
_2rusmarc
852 _aNLR
_j85-4/24997
942 _cBOOK
980 _aNB